| 000 | 01082cam a22003135a 4500 | ||
|---|---|---|---|
| 005 | 20150819095028.0 | ||
| 006 | a||||fr||z| 00| 0 | ||
| 008 | 110630t2004 nyua|||frb||| 001 0 eng d | ||
| 010 | _a 2003066178 | ||
| 020 | _a0195142519 | ||
| 020 | _a9780195142525 | ||
| 040 |
_aEG-ScBUE _beng _cEG-ScBUE |
||
| 082 | 0 | 4 |
_a621.381 _bSED _222 |
| 100 | 1 |
_aSedra, Adel S. _926032 |
|
| 245 | 1 | 0 |
_aMicroelectronic Circuits / _cAdel S. Sedra, Kenneth C. Smith. |
| 250 | _a5th ed.,International ed. | ||
| 260 |
_aNew York : _bOxford University Press, _cc.2004. |
||
| 300 |
_a1 v. (various pagings) : _bill. (some col.) ; _c26 cm. + _e1 CD-ROM (4 3/4 in.) |
||
| 490 | _aOxford Series in Electrical and Computer Engineering. | ||
| 500 | _aIncludes index. | ||
| 504 | _aIncludes bibliographical references. | ||
| 590 | _adoaa mohamed | ||
| 650 | 0 |
_aElectronic circuits. _926033 _2BUEsh |
|
| 650 | 0 |
_aIntegrated circuits. _926034 _2BUEsh |
|
| 651 | _2BUEsh | ||
| 653 |
_bENGELC _cAugust2015 |
||
| 700 | 1 |
_aSmith, Kenneth Carless. _926035 |
|
| 942 |
_cBB _k621.3815 SED _2ddc |
||
| 999 |
_c5085 _d5085 |
||